An introduction to complex analysis / (Record no. 9530)

MARC details
000 -LEADER
fixed length control field 01431cam a22003614a 4500
001 - CONTROL NUMBER
control field 12014229
003 - CONTROL NUMBER IDENTIFIER
control field OSt
005 - DATE AND TIME OF LATEST TRANSACTION
control field 20251006112734.0
008 - FIXED-LENGTH DATA ELEMENTS--GENERAL INFORMATION
fixed length control field 000519s2000 nyua b 001 0 eng
010 ## - LIBRARY OF CONGRESS CONTROL NUMBER
LC control number 00042256
020 ## - INTERNATIONAL STANDARD BOOK NUMBER
International Standard Book Number 047133233X
Qualifying information cloth : alk. paper
035 ## - SYSTEM CONTROL NUMBER
System control number 12014229
040 ## - CATALOGING SOURCE
Original cataloging agency DLC
Transcribing agency must
Modifying agency DLC
042 ## - AUTHENTICATION CODE
Authentication code pcc
050 00 - LIBRARY OF CONGRESS CALL NUMBER
Classification number QA300
Item number .M275 2000
082 00 - DEWEY DECIMAL CLASSIFICATION NUMBER
Classification number 515
Edition number 21
100 1# - MAIN ENTRY--PERSONAL NAME
Personal name McGehee, O. Carruth.
9 (RLIN) 19401
245 13 - TITLE STATEMENT
Title An introduction to complex analysis /
Statement of responsibility, etc. O. Carruth McGehee.
260 ## - PUBLICATION, DISTRIBUTION, ETC. (IMPRINT)
Place of publication, distribution, etc. New York :
Name of publisher, distributor, etc. John Wiley,
Date of publication, distribution, etc. c2000.
300 ## - PHYSICAL DESCRIPTION
Extent xxiii, 425 p. :
Other physical details ill. ;
Dimensions 25 cm.
336 ## - CONTENT TYPE
Content type term text
Content type code txt
Source rdacontent
337 ## - MEDIA TYPE
Media type term unmediated
Media type code n
Source rdamedia
338 ## - CARRIER TYPE
Carrier type term volume
Carrier type code nc
Source rdacarrier
504 ## - BIBLIOGRAPHY, ETC. NOTE
Bibliography, etc Includes bibliographical references (p. 413-417) and index.
650 #0 - SUBJECT ADDED ENTRY--TOPICAL TERM
Topical term or geographic name as entry element Mathematical analysis.
9 (RLIN) 2757
650 #0 - SUBJECT ADDED ENTRY--TOPICAL TERM
Topical term or geographic name as entry element Functions of complex variables.
9 (RLIN) 1060
856 42 - ELECTRONIC LOCATION AND ACCESS
Materials specified Publisher description
Uniform Resource Identifier <a href="http://www.loc.gov/catdir/description/wiley034/00042256.html">http://www.loc.gov/catdir/description/wiley034/00042256.html</a>
856 4# - ELECTRONIC LOCATION AND ACCESS
Materials specified Table of Contents
Uniform Resource Identifier <a href="http://www.loc.gov/catdir/toc/onix05/00042256.html">http://www.loc.gov/catdir/toc/onix05/00042256.html</a>
906 ## - LOCAL DATA ELEMENT F, LDF (RLIN)
a 7
b cbc
c orignew
d 1
e ocip
f 20
g y-gencatlg
942 ## - ADDED ENTRY ELEMENTS (KOHA)
Source of classification or shelving scheme Other/Generic Classification Scheme
Koha item type Book Bank
Holdings
Withdrawn status Lost status Source of classification or shelving scheme Damaged status Not for loan Home library Current library Date acquired Source of acquisition Inventory number Total Checkouts Full call number Barcode Date last seen Price effective from Koha item type
    Other/Generic Classification Scheme     MUST Main Library MUST Main Library 06/10/2025 donation 03/18307   515 MCG 2000 2025-0056 06/10/2025 06/10/2025 Book Bank